000 00308nam a22001337a 4500
008 171025b xxu||||| |||| 00| 0 eng d
020 _a9781118541524
041 _aeng
080 _a336.2
100 _a55
101 _aSTA
245 _aTAXATION FOR UNIVERSITIES AND COLLEGE
_cHOFFMAM,S
942 _2udc
_cBK
999 _c35850
_d35850